Český specializovaný obchod na konci století
Špecializovanému obchodu sa stále darí napriek konkurencii obrích reťazcov. Jeho súčasná situácia a predstavenie najvýznamnejších obchodníkov so špecializovaným tovarom v ČR v oblasti tabakových výrobkov, drogérie a kozmetiky, nábytku, elektra, hobby sortimentu, textilu, odevov a obuvi, športových p...
Salvato in:
| Autore principale: | |
|---|---|
| Natura: | Capitolo di libro |
| Lingua: | ceco |
| Soggetti: | |
| Tags: |
Nessun Tag, puoi essere il primo ad aggiungerne!!
|
MARC
| LEADER | 00000naa a2200000 4500 | ||
|---|---|---|---|
| 001 | r039291 | ||
| 005 | 20230727100400.0 | ||
| 041 | 0 | |a cze | |
| 044 | |a CZ | ||
| 245 | 1 | 0 | |a Český specializovaný obchod na konci století |c Tomáš Hájek |
| 520 | |a Špecializovanému obchodu sa stále darí napriek konkurencii obrích reťazcov. Jeho súčasná situácia a predstavenie najvýznamnejších obchodníkov so špecializovaným tovarom v ČR v oblasti tabakových výrobkov, drogérie a kozmetiky, nábytku, elektra, hobby sortimentu, textilu, odevov a obuvi, športových potrieb a prevádzkovateľov obchodných domov. | ||
| 610 | 2 | 0 | |a obchod |
| 610 | 2 | 0 | |a obchod špeciálny |
| 610 | 2 | 0 | |a výrobky tabakové |
| 610 | 2 | 0 | |a výrobky textilné |
| 610 | 2 | 0 | |a výrobky chemické |
| 610 | 2 | 0 | |a tovar drogeristický |
| 610 | 2 | 0 | |a kozmetika |
| 610 | 2 | 0 | |a nábytok |
| 610 | 2 | 0 | |a hobby |
| 610 | 2 | 0 | |a odevy |
| 610 | 2 | 0 | |a obuv |
| 610 | 2 | 0 | |a šport |
| 610 | 2 | 0 | |a domy obchodné |
| 610 | 2 | 0 | |a elektronika spotrebná |
| 610 | 2 | 0 | |a Česko |
| 610 | 2 | 0 | |a reťazce obchodné |
| 100 | 1 | |a Hájek, Tomáš | |